| 000 | 01610nam a2200277Ia 4500 | ||
|---|---|---|---|
| 999 |
_c55037 _d55037 |
||
| 001 | 22112 | ||
| 003 | GE_BSU | ||
| 005 | 20230306123929.0 | ||
| 008 | 181216s ||||ge |||||||||||||| ||geo|| | ||
| 020 | _a9789941437274 | ||
| 040 | _cGE_BSU | ||
| 041 | _ageo | ||
| 080 | _a821.14'01-1 თ-47 | ||
| 100 |
_aთეოკრიტოსი _917104 |
||
| 245 |
_aიდილიები და ეპიგრამები / _cთეოკრიტოსი ; ძველი ბერძნულიდან თარგმნა და განმარტებანი დაურთო, დალილა ბედინაძემ ; რედ. ნანა ტონია. |
||
| 264 |
_aთბილისი : _bლოგოსი, _c2012. |
||
| 300 |
_a179 გვ. ; _c20 სმ. |
||
| 490 | _aპროგრამა "ლოგოსი" | ||
| 500 | _aპუბლიკაციები და ღონისძიებები კლასიკური ფილოლოგიის, ბიზანტინისტიკისა და ნეოგრეცისტიკის სფეროში | ||
| 541 | _h5ლ.80თ. | ||
| 653 | _aბერძნული ლიტერატურა | ||
| 653 | _aიდილიები და ეპიგრამები | ||
| 700 |
_aტონია, ნანა _eრედაქტორი _917105 |
||
| 710 |
_aივანე ჯავახიშვილის სახელობის თბილისის სახელმწიფო უნივერსიტეტი _917106 |
||
| 942 |
_cBK _2udc |
||